Vibrations and waves / (Record no. 5071)
[ view plain ]
| 000 -LEADER | |
|---|---|
| fixed length control field | 00966nac a2200301 i 4500 |
| 003 - CONTROL NUMBER IDENTIFIER | |
| control field | EG-ScBUE |
| 005 - DATE AND TIME OF LATEST TRANSACTION | |
| control field | 20250525082604.0 |
| 008 - FIXED-LENGTH DATA ELEMENTS--GENERAL INFORMATION | |
| fixed length control field | 250426t1971 nyua f b 001 0 eng d |
| 020 ## - INTERNATIONAL STANDARD BOOK NUMBER | |
| International Standard Book Number | 9780393099362 |
| 020 ## - INTERNATIONAL STANDARD BOOK NUMBER | |
| International Standard Book Number | 0393099369 |
| 040 ## - CATALOGING SOURCE | |
| Original cataloging agency | EG-ScBUE |
| Language of cataloging | eng |
| Description conventions | rda |
| Transcribing agency | EG-ScBUE |
| Modifying agency | EG-ScBUE |
| 082 04 - DEWEY DECIMAL CLASSIFICATION NUMBER | |
| Classification number | 531.32 |
| Item number | FRE |
| Edition number | 22 |
| 100 1# - MAIN ENTRY--PERSONAL NAME | |
| Personal name | French, A. P., |
| Relator term | author. |
| 245 10 - TITLE STATEMENT | |
| Title | Vibrations and waves / |
| Statement of responsibility, etc | A. P. French. |
| 264 #1 - PUBLICATION, DISTRIBUTION, ETC. (IMPRINT) | |
| Place of publication, distribution, etc | New York, N.Y. : |
| Name of publisher, distributor, etc | W. W. Norton & Company, |
| Date of publication, distribution, etc | [1971] |
| 264 #4 - PUBLICATION, DISTRIBUTION, ETC. (IMPRINT) | |
| Date of publication, distribution, etc | c1971 |
| 300 ## - PHYSICAL DESCRIPTION | |
| Extent | xi, 316 pages : |
| Other physical details | illustrations ; |
| Dimensions | 25 cm. |
| 336 ## - CONTENT TYPE | |
| Source | rdacontent |
| Content type term | text |
| Content type code | txt |
| 337 ## - MEDIA TYPE | |
| Media type term | unmediated |
| Source | rdamedia |
| Media type code | n |
| 338 ## - CARRIER TYPE | |
| Carrier type term | volume |
| Carrier type code | nc |
| Source | rdacarrier |
| 490 0# - SERIES STATEMENT | |
| Series statement | The M.I.T introductory physics series |
| 500 ## - GENERAL NOTE | |
| General note | Originally published, Massachusetts: M.I.T. Press, 1971 |
| 504 ## - BIBLIOGRAPHY, ETC. NOTE | |
| Bibliography, etc | Includes bibliographical references and index.<br/> |
| 650 #7 - SUBJECT ADDED ENTRY--TOPICAL TERM | |
| Topical term or geographic name as entry element | Vibration. |
| Source of heading or term | BUEsh |
| 650 #7 - SUBJECT ADDED ENTRY--TOPICAL TERM | |
| Topical term or geographic name as entry element | Waves. |
| Source of heading or term | BUEsh |
| 655 ## - INDEX TERM--GENRE/FORM | |
| Form subdivision | Reading book |
| 942 ## - ADDED ENTRY ELEMENTS (KOHA) | |
| Koha item type | NB - Book (Non borrowing) |
| Source of classification or shelving scheme | Dewey Decimal Classification |
| Withdrawn status | Lost status | Source of classification or shelving scheme | Damaged status | Not for loan | Collection code | Home library | Current library | Shelving location | Date acquired | Cost, normal purchase price | Total Checkouts | Full call number | Barcode | Date last seen | Cost, replacement price | Price effective from | Koha item type | Source of acquisition |
|---|---|---|---|---|---|---|---|---|---|---|---|---|---|---|---|---|---|---|
| Dewey Decimal Classification | Baccah | Central Library | Central Library | First floor | 07/10/2011 | 180.00 | 531.32 FRE | 000006188 | 15/07/2025 | 225.00 | 11/10/2007 | NB - Book (Non borrowing) | ||||||
| Dewey Decimal Classification | Baccah | Central Library | Central Library | First floor | 07/10/2011 | 531.32 FRE | 000006187 | 15/07/2025 | 11/10/2007 | Book - Borrowing | Purchase | |||||||
| Dewey Decimal Classification | Baccah | Central Library | Central Library | First floor | 07/10/2011 | 531.32 FRE | 000006182 | 15/07/2025 | 11/10/2007 | Book - Borrowing | Purchase | |||||||
| Dewey Decimal Classification | Baccah | Central Library | Central Library | First floor | 07/10/2011 | 531.32 FRE | 000006183 | 15/07/2025 | 11/10/2007 | Book - Borrowing | Purchase | |||||||
| Dewey Decimal Classification | Baccah | Central Library | Central Library | First floor | 07/10/2011 | 531.32 FRE | 000006186 | 15/07/2025 | 11/10/2007 | Book - Borrowing | Purchase |